000
00321nam a2200109Ia 4500
008
200302s9999 xx 000 0 und d
100
_a
Christies
245
_a
Radical Geometry Modern Art of South America From the Patricia Phelps De Cisneros Collection
260
_b
Royal Academy of Arts
260
_c
2014
300
_a
173
999
_c
3714
_d
3714